000 00449nam a2200157 i 4500
001 bg
100 1 _aUJMA, Janina
245 0 _aZrys chemii ogólnej :
_bdla studentów Wydziału Budowy Maszyn /
_cJanina Ujma, Krystyna Błaszczyk, Alicja Mazanek.
260 _aCzęstochowa,
_c1976.
700 1 _aBŁASZCZYK, Krystyna
700 1 _aMAZANEK, Alicja
040 _cBPK
041 _apol
942 _cKS
008 s pl f |000 0 pol
999 _c16898
_d16898
856 _uhttp://koha.tu.koszalin.pl/cgi-bin/koha/opac-detail.pl?biblionumber=16898
_yKatalog online BPK